Statistics for Cities that were superbombed (Southern Victory)

Click here to take the quiz!

General Stats

  • This quiz has been taken 11 times
  • The average score is 6 of 9

Answer Stats

CityCountryBombed by% Correct
LondonBritainGermany
100%
ParisFranceGermany
91%
PetrogradRussiaGermany
82%
CharlestonConfederate StatesUnited States
73%
HamburgGermanyBritain
73%
PhiladelphiaUnited StatesConfederate States
64%
Newport NewsConfederate StatesUnited States
36%
NorwichBritainGermany
36%
BrightonBritainGermany
27%

Score Distribution

Percentile by Number Answered

Percent of People with Each Score

Your Score History

You have not taken this quiz